000
00248nam a22000977a 4500
999
_c
10649
_d
10649
008
180220b ||||| |||| 00| 0 eng d
020
_a
9788184692549
100
_9
6531
_a
SHARMA.S
245
_a
COPMUTER INFORMATION -VI
260
_a
Mumbai
_b
Firefly Books